000 00426nam a2200181Ia 4500
001 16875
005 20260306170343.0
008 260306t2001||||xx |||||||||||||| ||und||
041 _aESP
082 _a657.3
_bA85
100 _aAtaupillco Vera, Victor Dante
_eAUT
245 0 _aEstados Financieros
260 _c2001
300 _a496 páginas :
_c20 cm.
650 _aGEN
654 _aCCO
942 _cLIB
_dJUS
_fJUS
_2ddc
_n
999 _c16875
_d16875